Dito e feito (Record no. 123862)
[ view plain ]
| 000 -LÍDER | |
|---|---|
| campo de controle de tamanho fixo | 01319 a2200181 4500 |
| 001 - NÚMERO DE CONTROLE | |
| campo de controle | 123862 |
| 020 ## - ISBN - INTERNATIONAL STANDARD BOOK NUMBER | |
| ISBN - International Standard Book Number | 9788585357580 |
| 040 ## - FONTE DA CATALOGAÇÃO | |
| Instituição que transcreveu o registro | Escola Canadense de Niteroi |
| 090 ## - NÚMERO DE CHAMADA LOCAL | |
| Número de chamada (OCLC) (R); Número de chamada, CALL (RLIN) (NR) | ROO-D1 |
| 100 ## - ENTRADA PRINCIPAL--NOME PESSOAL | |
| Nome pessoal | Armstrong, Jennifer |
| 245 10 - TÍTULO | |
| Título | Dito e feito |
| 260 ## - PUBLICAÇÃO, DISTRIBUIÇÃO, ETC. | |
| Local de publicação, distribuição, etc. | São Paulo |
| 300 ## - DESCRIÇÃO FÍSICA | |
| Outros detalhes físicos | il. |
| Dimensões | 1 x 20.6 x 0.8 cm |
| 362 0# - DATAS DE PUBLICAÇÃO E/OU DESIGNAÇÃO SEQUENCIAL | |
| Datas de publicação e/ou designação sequencial | 1996 |
| 520 ## - NOTA DE RESUMO, ETC | |
| Resumo, etc. | Hugo precisa muito passar a ponte. Ele quer tentar a sorte do outro lado da cidade, onde acredita que terá todas as chances de fazer fortuna. Mas, se ele pensa que será fácil, está bastante enganado. O guarda da ponte resolveu que vai desafiar a coragem de Hugo e fazê-lo provar que quer mesmo passar pela tal ponte. Sensível narrativa de Jennifer Armstrong, que possui uma lista generosa de livros publicados em todo o mundo. Sua temática é marcada pela trajetória do herói infantil que deve vencer muitos desafios para que possa alcançar seus objetivos. Kimberly coloca a narrativa num belo campo recheado de personagens encantadores que ajudarão o garoto, enquanto se ajudam mais do que imaginam. Suas aquarelas singelas parecem aumentar a torcida do leitor para que Hugo consiga pagar o pedágio no menor espaço de tempo. Jennifer insiste nos pequenos heróis, pois sabe que eles ainda fazem a diferença. |
| 650 #4 - ASSUNTO--TERMO TÓPICO | |
| Cabeçalho tópico ou nome geográfico | Literatura Infantil |
| 942 ## - ELEMENTOS DE ENTRADA ADICIONADOS (KOHA) | |
| Tipo de material Koha | Livros |
| Situação do descarte | Situação das perdas | Situação física | Não pode ser emprestado | Biblioteca de origem | Biblioteca atual | Data de aquisição | Total de empréstimos | Número de chamada completo | Código de barras | Data de último acesso | Data do preço efetivo | Tipo de material Koha |
|---|---|---|---|---|---|---|---|---|---|---|---|---|
| Canadian School of Niterói - Piratininga | Canadian School of Niterói - Piratininga | 09/02/2024 | ROO-D1 | A02115 | 09/02/2024 | 09/02/2024 | Livros |